| 000 | 00687nam a2200229Ia 4500 | ||
|---|---|---|---|
| 008 | 180523s9999 xx 000 0 und d | ||
| 020 | _a978-981-0697-86-0 | ||
| 050 | _aMAIN HD 30.4 | ||
| 050 | _b.S28 2010 | ||
| 100 | _aSaunders, Mark. | ||
| 245 | 0 | _aResearch methods for business students / | |
| 245 | 0 | _cMark Saunders, Philip Lewis, Adrian Thornhill. | |
| 260 | _aSingapore : | ||
| 260 | _bPearson Education South Asia, | ||
| 260 | _c2010 | ||
| 300 | _a614 pages : | ||
| 300 | _billustrations ; | ||
| 300 | _c27 cm. | ||
| 500 | _aIncludes bibliographical references and index. | ||
| 650 | _aBusiness -- Research. | ||
| 650 | _xBusiness -- Research -- Data processing. | ||
| 999 |
_c356837 _d356837 |
||